La Economía mundial y la revolución tecnológica /

Gardado en:
Detalles Bibliográficos
Autor Principal: Shiriaev, Yuri
Formato: Texto
Etiquetas: Engadir etiqueta
Sen Etiquetas, Sexa o primeiro en etiquetar este rexistro!

MARC

LEADER 00000 a a2200000 04500
001 3145
003
040
100 |a Shiriaev, Yuri  
245 |a La Economía mundial y la revolución tecnológica /  |c Yuri Shiriaev 
773 |g número 1; páginas 80-92  
999 |c 30909  |d 30909